000 00446pab a2200169 454500
008 180718b1995 xxu||||| |||| 00| 0 eng d
100 _aHanna
245 _aThe politics of electoral reform in Israel
260 _c1995
300 _ap.31-45
362 _aJan
650 _aIsrael - Government and politics
650 _aElections - Israel
700 _aDiskin, Abraham
773 _aInternational Political Science Review
909 _a26380
999 _c26380
_d26380